000 00438nam a22001817a 4500
003 MPLRDC
005 20220104152949.0
008 210129b ||||| |||| 00| 0 eng d
082 _a857.63 CKL v.85 c.2
100 _a岑凯伦
245 _a片刻情柔
_c
250 _a初版
260 _a
_b环球出版社
_c1993
300 _b
490 _a文艺小说
650 _a短篇小说--别集
942 _cBK
_o857.63 CKL v.85 c.2
999 _c53183
_d53173